Quick Pick: Blended Elements Quiz Stats

 Plays Quiz Updated Oct 7, 2017

Score 0/10 Timer 01:30
0 Plays Today
% Correct
Arson
75.1%
Cury
69.6%
Copernicus
66.7%
Iranium
66.1%
Aludine
60.4%
Silidium
54.1%
Mendelerbium
52.9%
Titonium
51.1%
Samerium
45.3%
Gallion
41.1%

Today's Daily Dose

Missing Word
US Newspapers

Word Ladder
Shawn Mendes

On This Day
October 18th II

You're not logged in!

Compare scores with friends on all Sporcle quizzes.
Join for Free
OR
Log In

You Might Also Like...

Show Comments

Extras

Top Quizzes Today


Score Distribution

Your Account Isn't Verified!

In order to create a playlist on Sporcle, you need to verify the email address you used during registration. Go to your Sporcle Settings to finish the process.

Report this User

Report this user for behavior that violates our Community Guidelines.

Details: